Measuring misalignment purchasing power parity and East Asian currencies in the 1990s

Salvato in:
Dettagli Bibliografici
Autore principale: Chinn, Menzie D.
Natura: Libro
Lingua:inglese
Pubblicazione: Washington International Monetary Fund 1999
Serie:IMF Working Paper WP/99/120
Soggetti:
Tags: Aggiungi Tag
Nessun Tag, puoi essere il primo ad aggiungerne!!

MARC

LEADER 00000nam a2200000 4500
001 c123770
005 20221221082937.0
041 0 |a eng 
044 |a US 
245 1 0 |a Measuring misalignment  |b purchasing power parity and East Asian currencies in the 1990s  |c Menzie D. Chinn 
264 1 |a Washington  |b International Monetary Fund  |c 1999 
300 |a 29 s. 
490 1 |a IMF Working Paper  |v WP/99/120 
830 0 |a IMF Working Paper  |v WP/99/120 
610 2 0 |a kurz menový reálny 
610 2 0 |a Ázia 
610 2 0 |a mena 
610 2 0 |a sila kúpna peňazí 
100 1 |a Chinn, Menzie D.